Revista Redpensar
| Formato: | Seriadas |
|---|---|
| Lenguaje: | español |
| Publicado: |
Costa Rica :
Departamento de Investigaciones, Universidad De La Salle,
2012-
|
| Materias: |
MARC
| LEADER | 00000nas a2200000 4500 | ||
|---|---|---|---|
| 005 | 20170823162844.0 | ||
| 008 | 170320b2012 cr ||||| |||| 00| | spa d | ||
| 999 | |c 3409 |d 3409 | ||
| 022 | |a 2215-2938 | ||
| 090 | |a REVIS |b 06.02.01 | ||
| 245 | 1 | 0 | |a Revista Redpensar |
| 260 | |a Costa Rica : |b Departamento de Investigaciones, Universidad De La Salle, |c 2012- | ||
| 300 | |a Volúmenes | ||
| 650 | 1 | 4 | |9 163 |a INVESTIGACIÓN |
| 650 | 1 | 4 | |9 1 |a EDUCACIÓN |
| 650 | 1 | 4 | |9 3 |a PUBLICACIONES PERIÓDICAS |
| 942 | |i R0641,R0642,R0643,R0644,R0645,R0646 |h REVIS 06.02.01 |2 z |c 03 | ||
